Podnikatel a národní hospodářství. Úvod do tržní ekonomie. Podnikatelské minimum.
Prosperita firmy závisí sčasti na vlastnej činnosti, sčasti na situácii v odvetví a sčasti na stave ekonomiky ako celku. Analýze základných pojmov a vzťahov v ekonomike ako celku: produktu, výdavkov, dopytu, dôchodkom, multiplikačným javom vo výdavkoch, cyklickému kolísaniu ekonomiky, hospodárskemu...
Saved in:
| Main Author: | |
|---|---|
| Format: | Book Chapter |
| Language: | Czech |
| Subjects: | |
| Tags: |
No Tags, Be the first to tag this record!
|
MARC
| LEADER | 00000naa a2200000 4500 | ||
|---|---|---|---|
| 001 | r006764 | ||
| 005 | 20221125075644.8 | ||
| 041 | 0 | |a cze | |
| 044 | |a [CS] | ||
| 245 | 1 | 0 | |a Podnikatel a národní hospodářství. |b Úvod do tržní ekonomie. Podnikatelské minimum. |c J. Pudlák |
| 520 | |a Prosperita firmy závisí sčasti na vlastnej činnosti, sčasti na situácii v odvetví a sčasti na stave ekonomiky ako celku. Analýze základných pojmov a vzťahov v ekonomike ako celku: produktu, výdavkov, dopytu, dôchodkom, multiplikačným javom vo výdavkoch, cyklickému kolísaniu ekonomiky, hospodárskemu cyklu, inflácii, úrokovej miere, peniazom, politike lacných a drahých peňazí, hospodárskej politike, konkurenčnému prostrediu a úlohe očakávaní v ekonomike. | ||
| 610 | 2 | 0 | |a podnikanie |
| 610 | 2 | 0 | |a podnikanie súkromné |
| 610 | 2 | 0 | |a politika hospodárska |
| 610 | 2 | 0 | |a hospodárstvo trhové |
| 610 | 2 | 0 | |a konkurencia |
| 610 | 2 | 0 | |a pojmy |
| 100 | 1 | |a Pudlák, Jan | |